| Поле | Инд. | ПП | Название | Значение |
|---|---|---|---|---|
| Тип записи | a | |||
| Библиографический уровень | b | |||
| 001 | Контрольный номер | RU/IS/BASE/284900325 | ||
| 005 | Дата корректировки | 20200630193221.7 | ||
| 008 | Кодируемые данные | 20090110 | ||
| 040 | b | Код языка каталог. | rus | |
| e | Правила каталог. | PSBO | ||
| 041 | 0_ | a | Код языка текста | rus |
| 084 | a | Индекс другой классификации/Индекс ББК | 81.41-03 | |
| 100 | 1_ | a | Автор | Чарский В. В. |
| 245 | 10 | a | Заглавие | Новая трактовка критерия релевантности/нерелевантности в лингвогенезе южнорусинского языка |
| 504 | a | Библиография | Библиогр. - Примеч.: с. 116 - 117 | |
| 650 | 14 | a | Основная рубрика | филологические науки |
| a | Основная рубрика | языкознание | ||
| a | Основная рубрика | частное языкознание | ||
| a | Основная рубрика | история языка | ||
| 653 | 0_ | a | Ключевые слова | восточнославянские языки |
| a | Ключевые слова | русинский язык | ||
| a | Ключевые слова | славянские языки | ||
| a | Ключевые слова | фонетика | ||
| a | Ключевые слова | южнославянские языки | ||
| 773 | 08 | t | Заглавие источника | Вестник Московского университета. Серия 9, Филология |
| d | Дата издания источника | 2008 | ||
| g | Прочая информация | № 3. - С. 111 - 117 | ||
| w | Контрольный № источника | RU/IS/BASE/282745557 | ||
| 901 | t | Тип документа | b |